Grandes personagens da nossa história (Record no. 61620)

MARC details
000 -LÍDER
campo de controle de tamanho fixo 00380 a2200145 4500
001 - NÚMERO DE CONTROLE
campo de controle 61620
020 ## - ISBN - INTERNATIONAL STANDARD BOOK NUMBER
ISBN - International Standard Book Number
040 ## - FONTE DA CATALOGAÇÃO
Instituição que transcreveu o registro Anchieta - Pituba
240 10 - TÍTULO UNIFORME
Título uniforme Grandes personagens da nossa história
Idioma da obra por
245 10 - TÍTULO
Título Grandes personagens da nossa história
300 ## - DESCRIÇÃO FÍSICA
Extensão 256
362 0# - DATAS DE PUBLICAÇÃO E/OU DESIGNAÇÃO SEQUENCIAL
Datas de publicação e/ou designação sequencial 1969
650 #4 - ASSUNTO--TERMO TÓPICO
Cabeçalho tópico ou nome geográfico Obras enciclopédicas gerais de línguas espanhola e portuguesa
942 ## - ELEMENTOS DE ENTRADA ADICIONADOS (KOHA)
Tipo de material Koha Livros
Holdings
Situação do descarte Situação das perdas Situação física Não pode ser emprestado Biblioteca de origem Biblioteca atual Data de aquisição Total de empréstimos Código de barras Data de último acesso Data do preço efetivo Tipo de material Koha
        Colégio Anchieta - Pituba Colégio Anchieta - Pituba 21/11/2023   13735/PIT 21/11/2023 21/11/2023 Livros